| 000 | 00484cam a22001217a 4500 | ||
|---|---|---|---|
| 008 | 180718b1978 xxu||||| |||| 00| 0 eng d | ||
| 082 | _aA81x54 In2/71/30/PT2C/1&PT5A | ||
| 100 | _aCensus of India 1971 | ||
| 245 | _aPondicherry: social and cultural tables (C-VII and C-VIII part A) and special tables on scheduled castes | ||
| 260 |
_aDelhi _bThe Controller of Publications _c1978 |
||
| 300 | _a108+p. | ||
| 440 | _aCensus of India 1971. Series-30, Pondicherry. Part II-C (i) and Part V-A | ||
| 999 |
_c485924 _d485924 |
||